[Event "SUI-chT"]
[Site "Switzerland"]
[Date "2023.08.26"]
[Round "6.7"]
[White "Kriste, Vincent"]
[Black "Geiser, Laurent"]
[Result "1/2-1/2"]
[WhiteElo "2196"]
[BlackElo "2208"]
[PlyCount "96"]
[EventDate "2023.04.16"]
[EventType "team-tourn"]
[EventRounds "9"]
[EventCountry "SUI"]
[SourceTitle "EXT 2024"]
[Source "ChessBase"]
[SourceDate "2023.10.10"]
[SourceVersion "1"]
[SourceVersionDate "2023.10.10"]
[SourceQuality "1"]
[WhiteTeam "Reti"]
[BlackTeam "Geneve"]
[WhiteTeamCountry "SUI"]
[BlackTeamCountry "SUI"]

1. e4 e5 2. Nf3 Nc6 3. d4 exd4 4. Nxd4 Nf6 5. Nc3 Bb4 6. Nxc6 bxc6 7. Bd3 0-0 8. 0-0 Re8 9. Bg5 h6 10. Bh4 d5 11. exd5 g5 12. Bg3 cxd5 13. Nb5 Ba5 14. Nd4 Bd7 15. Nf5 Bxf5 16. Bxf5 Ne4 17. c3 Bb6 18. Re1 Nxg3 19. hxg3 Qd6 20. Qf3 Re5 21. Rxe5 Qxe5 22. Bd3 Re8 23. g4 Kg7 24. Qf5 Qxf5 25. gxf5 g4 26. g3 Kf6 27. Kg2 c5 28. b3 c4 29. bxc4 dxc4 30. Bxc4 Rc8 31. Bb3 Rxc3 32. Rd1 Rf3 33. Rd2 Rxf5 34. Bc2 Ra5 35. Bb3 Kg7 36. Rd5 Rxd5 37. Bxd5 f5 38. f3 h5 39. fxg4 hxg4 40. Bb3 Kf6 41. Bc4 Ke5 42. Bb3 a5 43. Bc2 f4 44. gxf4+ Kxf4 45. Bb3 Bc7 46. Bc4 Ke5 47. a4 Kd6 48. Be2 Kc5 1/2-1/2

[Event "SUI-ch HT1 118th"]
[Site "Lenzerheide"]
[Date "2018.07.15"]
[Round "4"]
[White "Arquint, Andri"]
[Black "Kriste, Vincent"]
[Result "0-1"]
[WhiteElo "1945"]
[BlackElo "2181"]
[PlyCount "134"]
[EventDate "2018.07.12"]
[EventType "swiss"]
[EventRounds "9"]
[EventCountry "SUI"]
[SourceTitle "EXT 2019"]
[Source "ChessBase"]
[SourceDate "2018.10.10"]
[SourceVersion "1"]
[SourceVersionDate "2018.10.10"]
[SourceQuality "1"]

1. Nf3 g6 2. g3 Bg7 3. Bg2 e5 4. d3 d5 5. 0-0 Ne7 6. e4 0-0 7. Nc3 c6 8. Qe2 Re8 9. Bg5 h6 10. Bd2 Nd7 11. b4 Nf8 12. a4 Ne6 13. a5 Nd4 14. Qd1 Bg4 15. h3 Nxf3+ 16. Bxf3 Bxh3 17. Re1 h5 18. Kh2 Be6 19. Kg2 f5 20. Rh1 Bf7 21. Qc1 Qd6 22. Na4 b6 23. Rb1 Rab8 24. axb6 axb6 25. Be3 fxe4 26. dxe4 d4 27. Bd2 Ra8 28. Nb2 Rf8 29. Be2 Ra2 30. Nc4 Qc7 31. Bg5 b5 32. Nb2 Nc8 33. Nd3 Bc4 34. Qd1 Nd6 35. Nc5 Qf7 36. Rf1 Bxe2 37. Qxe2 Qc4 38. Qxc4+ Nxc4 39. Rfc1 Rfa8 40. Ne6 Kf7 41. Nd8+ Ke8 42. Ne6 R8a7 43. Rb3 Rf7 44. Nd8 Rd7 45. Ne6 Bf8 46. g4 Be7 47. gxh5 Kf7 48. Bxe7 Kxe6 49. Bc5 gxh5 50. Rg3 Rf7 51. Rg8 Ra3 52. Rg6+ Kd7 53. Rg5 Ra8 54. c3 Ra2 55. cxd4 Raxf2+ 56. Kg1 h4 57. Rg8 exd4 58. Bxd4 Rd2 59. Bc5 h3 60. Ra1 Ke6 61. Re8+ Kd7 62. Rg8 Ne5 63. Ra7+ Ke6 64. Re8+ Kf6 65. Rxe5 h2+ 66. Kh1 Kxe5 67. Rxf7 Kxe4 0-1

[Event "SUI-ch HT1 118th"]
[Site "Lenzerheide"]
[Date "2018.07.13"]
[Round "2"]
[White "Bounlom, Jannik"]
[Black "Kriste, Vincent"]
[Result "1-0"]
[WhiteElo "1805"]
[BlackElo "2181"]
[PlyCount "71"]
[EventDate "2018.07.12"]
[EventType "swiss"]
[EventRounds "9"]
[EventCountry "SUI"]
[SourceTitle "EXT 2019"]
[Source "ChessBase"]
[SourceDate "2018.10.10"]
[SourceVersion "1"]
[SourceVersionDate "2018.10.10"]
[SourceQuality "1"]

1. e4 c5 2. Nf3 Nc6 3. d4 cxd4 4. Nxd4 g6 5. Nc3 Bg7 6. Be3 Nf6 7. Bc4 0-0 8. Bb3 a5 9. 0-0 a4 10. Nxa4 Nxe4 11. Nb5 Ra6 12. Qe2 d6 13. c4 Nf6 14. Rad1 Bd7 15. Rfe1 Qb8 16. Bf4 Nh5 17. Bg5 h6 18. Be3 Nf6 19. h3 Na5 20. Nbc3 Qc7 21. Bd4 e5 22. Be3 Be6 23. Nb5 Qb8 24. Bb6 Ne8 25. Bxa5 Rxa5 26. Qd2 Ra6 27. c5 d5 28. Nb6 Nc7 29. Nd6 Rd8 30. Nxd5 Nxd5 31. Bxd5 Raxd6 32. cxd6 Qxd6 33. Qa5 Bxd5 34. Rd2 b5 35. Qxb5 e4 36. Red1 1-0

[Event "SUI-chT"]
[Site "Switzerland"]
[Date "2016.06.11"]
[Round "4.7"]
[White "Georgiadis, Ioannis"]
[Black "Kriste, Vincent"]
[Result "1-0"]
[WhiteElo "2484"]
[BlackElo "2191"]
[PlyCount "61"]
[EventDate "2016.03.20"]
[EventType "team-tourn"]
[EventRounds "9"]
[EventCountry "SUI"]
[SourceTitle "EXT 2017"]
[Source "ChessBase"]
[SourceDate "2016.10.25"]
[SourceVersion "1"]
[SourceVersionDate "2016.10.25"]
[SourceQuality "1"]
[WhiteTeam "Riehen"]
[BlackTeam "Reti"]
[WhiteTeamCountry "SUI"]
[BlackTeamCountry "SUI"]

1. e4 c5 2. Nf3 Nc6 3. d4 cxd4 4. Nxd4 g6 5. c4 Bg7 6. Nc2 Nf6 7. Nc3 d6 8. Be2 Nd7 9. Bd2 Nc5 10. b4 Ne6 11. Rc1 Ned4 12. Nxd4 Nxd4 13. Be3 e5 14. Nb5 Nxb5 15. cxb5 Be6 16. Bc4 Bxc4 17. Rxc4 Qd7 18. Qd5 0-0 19. 0-0 a5 20. a4 axb4 21. Rxb4 Rfc8 22. Rc4 Rxc4 23. Qxc4 Qe6 24. Qc7 Rxa4 25. Qxb7 Bf8 26. b6 Rb4 27. h4 Kg7 28. Rc1 Be7 29. Qc7 d5 30. Rc6 Bd8 31. Rxe6 1-0

[Event "Zuerich op-A 39th"]
[Site "Zuerich"]
[Date "2015.12.29"]
[Round "6"]
[White "Kriste, Vincent"]
[Black "Wyss, Jonas"]
[Result "0-1"]
[WhiteElo "2178"]
[BlackElo "2289"]
[PlyCount "98"]
[EventDate "2015.12.26"]
[EventType "swiss"]
[EventRounds "7"]
[EventCountry "SUI"]
[SourceTitle "CBM 170 Extra"]
[Source "ChessBase"]
[SourceDate "2016.02.25"]
[SourceVersion "1"]
[SourceVersionDate "2016.02.25"]
[SourceQuality "1"]

1. c4 g6 2. g3 Bg7 3. Bg2 Nf6 4. Nc3 0-0 5. e4 d6 6. Nge2 e5 7. d3 Be6 8. 0-0 Qd7 9. Nd5 c6 10. Ne3 d5 11. cxd5 cxd5 12. exd5 Nxd5 13. d4 Rd8 14. dxe5 Bxe5 15. Nxd5 Bxd5 16. Bf4 Bxg2 17. Qxd7 Rxd7 18. Kxg2 Bxb2 19. Rad1 Bf6 20. Be3 Rxd1 21. Rxd1 Nc6 22. Rd7 Rb8 23. Bf4 Re8 24. Kf3 Re7 25. Rxe7 Bxe7 26. Nc3 f5 27. Nd5 Kf7 28. g4 fxg4+ 29. Kxg4 h5+ 30. Kf3 Nb4 31. Nc3 Ke6 32. Ke4 a6 33. a4 Bf6 34. Ne2 Nd5 35. Be3 b5 36. axb5 axb5 37. Bd4 b4 38. Bxf6 Nxf6+ 39. Kd4 Ng4 40. Kc4 Nxh2 41. Kxb4 Ke5 42. Kc3 Ke4 43. Kd2 h4 44. Ke1 g5 45. Nc1 Kf3 46. Nd3 h3 47. Ne5+ Kg2 48. Ke2 Nf1 49. Nf3 h2 0-1

[Event "SUI-ch 111th"]
[Site "Leukerbad"]
[Date "2011.07.10"]
[Round "4"]
[White "Kriste, Vincent"]
[Black "Kaenel, Hansjuerg"]
[Result "1/2-1/2"]
[WhiteElo "2169"]
[BlackElo "2356"]
[PlyCount "134"]
[EventDate "2011.07.07"]
[EventType "swiss"]
[EventRounds "9"]
[EventCountry "SUI"]
[SourceTitle "CBM 143 Extra"]
[Source "ChessBase"]
[SourceDate "2011.08.29"]
[SourceVersion "1"]
[SourceVersionDate "2011.08.29"]
[SourceQuality "1"]

1. e4 c5 2. Nc3 e6 3. g3 a6 4. Bg2 b5 5. d3 Bb7 6. Nge2 b4 7. Na4 d5 8. exd5 Bxd5 9. Bxd5 Qxd5 10. 0-0 Nd7 11. Nf4 Qc6 12. b3 Ngf6 13. Nb2 Be7 14. Nc4 0-0 15. Bb2 Nd5 16. Qf3 Bf6 17. Bxf6 N7xf6 18. a4 Qc7 19. Nxd5 Nxd5 20. Rfe1 Rac8 21. Re4 Ne7 22. Ne3 Qc6 23. Qh5 Ng6 24. Nc4 Qd5 25. Qe2 Rc7 26. Re1 Rd8 27. Ne5 Nf8 28. Nc4 Qc6 29. Ne5 Qb7 30. Qf3 f6 31. Nc4 Rcd7 32. Qe3 Qc6 33. f4 Re7 34. Nd2 Rd5 35. Nf3 Qd6 36. Qe2 h6 37. Nd2 Rd4 38. Nf3 Rxe4 39. Qxe4 Rd7 40. Re2 Qd5 41. Nd2 Kf7 42. Nc4 Qd4+ 43. Kg2 g5 44. Qxd4 Rxd4 45. Re4 Rd8 46. fxg5 hxg5 47. h4 gxh4 48. Rxh4 e5 49. Nd2 Ne6 50. Rh7+ Kg6 51. Ra7 Rd6 52. Nc4 Rc6 53. Na5 Rc7 54. Rxa6 Nd4 55. Nc4 Kg5 56. Nd6 f5 57. Nc4 Re7 58. Ra5 Nxc2 59. Rxc5 Ne1+ 60. Kf1 Nxd3 61. Rd5 e4 62. Ne3 Ne5 63. a5 Kf6 64. Rd6+ Kg5 65. Rd5 Kf6 66. Rd6+ Kg5 67. Rd5 Kf6 1/2-1/2

[Event "Zuerich op-A 34th"]
[Site "Zuerich"]
[Date "2010.12.27"]
[Round "2"]
[White "Tschanz, Dominik"]
[Black "Kriste, Vincent"]
[Result "0-1"]
[WhiteElo "1950"]
[BlackElo "2193"]
[PlyCount "58"]
[EventDate "2010.12.26"]
[EventType "swiss"]
[EventRounds "7"]
[EventCountry "SUI"]
[SourceTitle "CBM 140 Extra"]
[Source "ChessBase"]
[SourceDate "2011.03.01"]
[SourceVersion "1"]
[SourceVersionDate "2011.03.01"]
[SourceQuality "1"]

1. e4 c5 2. Nc3 Nc6 3. f4 g6 4. Nf3 Bg7 5. Bb5 Na5 6. a4 a6 7. Be2 d6 8. 0-0 Nf6 9. d3 0-0 10. Qe1 Nc6 11. f5 Nd4 12. Bd1 e6 13. Qh4 Nd7 14. f6 Nxf3+ 15. Rxf3 Bxf6 16. Rxf6 Qxf6 17. Bg5 Qd4+ 18. Kh1 f6 19. Bh6 Rf7 20. Bg4 Ne5 21. Bh3 g5 22. Qh5 Bd7 23. Rf1 b5 24. axb5 axb5 25. Nxb5 Bxb5 26. Bxg5 Bd7 27. Bh6 Qxb2 28. Bg4 Nxg4 29. Qxg4+ Kh8 0-1